|
|
|
|
| LEADER |
00000nam#a22000001ab4500 |
| 001 |
00016584 |
| 003 |
AR-BaUAD |
| 005 |
20230908140946.0 |
| 008 |
030707s1969####sp#abo|##||||||||#||spa|d |
| 020 |
|
|
|a No posee
|
| 040 |
|
|
|a AR-BaUAD
|b spa
|c AR-BaUAD
|
| 041 |
|
|
|a spa
|
| 044 |
|
|
|c es
|2 ISO3166-1
|
| 245 |
0 |
0 |
|a ARTE oriental, precolombino y de los pueblos primitivos
|
| 260 |
|
|
|a Barcelona :
|b G. Gili,
|c 1969
|
| 300 |
|
|
|a 316 p. :
|b il., fot., mapas, vistas
|
| 490 |
|
|
|a Diccionario universal del arte y de los artistas
|
| 653 |
|
|
|a ARTE
|
| 653 |
|
|
|a CULTURA
|
| 653 |
|
|
|a CULTURAS PRECOLOMBINAS
|
| 653 |
|
|
|a DICCIONARIOS
|
| 653 |
|
|
|a MAYAS
|
| 653 |
|
|
|a AZTECAS
|
| 653 |
|
|
|a INCAS
|
| 653 |
|
|
|a ARTE PRIMITIVO
|
| 653 |
|
|
|a ARTE ORIENTAL
|
| 653 |
|
|
|a HISTORIA
|
| 653 |
|
|
|a ARTE
|
| 653 |
|
|
|a AFRICA
|
| 653 |
|
|
|a ASIA
|
| 653 |
|
|
|a OCEANIA
|
| 653 |
|
|
|a OCEANIA
|
| 653 |
|
|
|a AMERICA
|
| 655 |
|
|
|a TEXTO
|
| 852 |
|
|
|c 79-2
|
| 852 |
|
|
|c Referencia
|
| 852 |
|
|
|c NO SE PRESTA A DOMICILIO
|
| 952 |
|
|
|0 0
|1 0
|4 0
|6 792
|7 0
|9 19021
|a AR-BaUAD
|b AR-BaUAD
|d 0000-00-00
|e donac. Ex Liber
|g 48.00
|i 16584
|l 0
|o 79-2
|p ufd9j16584
|r 2023-09-08 14:09:46
|w 2023-09-08
|y BK
|
| 952 |
|
|
|0 0
|1 0
|4 0
|6 REFERENCIA
|7 0
|9 19022
|a AR-BaUAD
|b AR-BaUAD
|d 0000-00-00
|e donac. Anónima
|g 10.00
|i 29066
|l 0
|o Referencia
|p 7fq9b29066
|r 2023-09-08 14:09:46
|w 2023-09-08
|y BK
|
| 990 |
|
|
|a Ej. No1 : 16584 . 7/05/2003 -- donac. Ex Liber -- (48 pesos).
|b ADM
|
| 990 |
|
|
|a Ej. No2 : 29066 . 27/3/2003 -- donac. Anónima -- (10 pesos).
|b ADM
|
| 990 |
|
|
|a A196
|b TD
|
| 990 |
|
|
|a AAQ00016584
|b CC
|
| 998 |
|
|
|a AAQ
|b Bibun 76
|
| 942 |
|
|
|c BK
|
| 999 |
|
|
|c 8100
|d 8100
|